00338nam a2200145Ia 4500008004100000041000800041082000800049100001600057245003800073250000800111260003800119300000800157365000800165999001900173231011s9999 xx 000 0 und d aeng a823 aScott Adams aDilbert and the Way of the Weasel a1st bPan Macmillan Ltd. New Yorkc2003 a350 b210 c899627d899627